000 00861nam a22002777a 4500
001 BR2018000929
003 BR-BrBNA
005 20230928105240.0
007 ta
008 230509b bl.||||| |||| 00| 0 por d
040 _aBR-BrBNA
_bpor
_cBiblioteca Nacional de Agricultura
041 _a(Por)
072 _aF03
_b3575
090 _ 3575 BR2018000929
110 1 _aComissão Estadual de Sementes e Mudas de Mato Grosso do Sul, Campo Grande (Brasil)
_92069
245 1 _aNormas, padrões e procedimentos; produção de sementes básica, certificada e fiscalizada
260 3 _aCampo Grande, MS (Brasil):
_c2001.
300 _a136 p.
500 _a7 tables
650 _aCERTIFICAÇÃO DE SEMENTE
650 _aPRODUÇÃO VEGETAL
650 _aLEGISLAÇÃO
650 _aMATO GROSSO DO SUL
909 _a202309
_bLucia
_c55
_dLucia Elande
942 _cBK
999 _c84269
_d84269